Čítanka k dejinám MRH a KSČ /

Guardado en:
Detalles Bibliográficos
Otros Autores: Pleva, Jan (Compilador)
Formato: Libro
Lenguaje:eslovaco
Publicado: Bratislava : Pravda, 1984
Edición:2.dopl.vyd.
Etiquetas: Agregar Etiqueta
Sin Etiquetas, Sea el primero en etiquetar este registro!

MARC

LEADER 00000nam a22000003a 4500
001 stu86607
005 20150617225630.3
008 040504s1984------------------------slo-d
040 |a STU  |b slo 
041 0 |a slo 
080 |a 327.323 
080 |a 329.15 
100 1 |a Pleva, Jan  |4 com 
245 1 |a Čítanka k dejinám MRH a KSČ /  |c Zost.: Pleva, J. 
250 |a 2.dopl.vyd. 
260 |a Bratislava :  |b Pravda,  |c 1984 
300 |a 776 s 
996 |b E55182  |c E*55182  |l EE06  |s P  |a 0  |w stu86607_0001